| 000 | 00799cab a2200193 4500 | ||
|---|---|---|---|
| 001 | L129270 | ||
| 008 | 050406n2005 000 0 eng u | ||
| 035 | _a(Sirsi) u129270 | ||
| 041 | _aeng | ||
| 100 | _aMurdoch, Sandi | ||
| 245 | 2 | _aA very taxing question | |
| 260 | _c2005 | ||
| 490 |
_aEstates Gazette _v(0511) 19 March 2005, 179(1) |
||
| 520 | _aDiscusses the issue of including or excluding VAT in the calculation of rents based upon turnover in relation to the case "Debenham Retail plc v Sun Alliance and London Assurance Co Ltd" ([2004] EWHC 2940 (Ch)). It depends on the wording of the lease and, in some cases, its age. | ||
| 590 | _aIKA150405 | ||
| 650 | _aDEBENHAM RETAIL PLC V SUN ALLIANCE AND THE LONDON ASSURANCE CO LTD | ||
| 690 | _aPROPERTY-PROPERTY TAXATION | ||
| 942 | _n0 | ||
| 999 |
_c75039 _d75039 |
||